Datum a čas kvízu

32 Celkem bodů Celkový počet nahraných bodů na tomto kvízu bez doplňovacích otázek.
3. Pořadí na kvízu Konečné umístění týmu na tomto kvízu.

Zaznamenané odpovědi

# Otázka Odpověď Body Výsledky
1. Vláda ve středu schválila vzni... Křivoklátsko 1
2. Ve které zemi zrušil minulý tý... v Rumunsku 1
3. Hudební streamovací platforma... Bad Bunny 0
4. Dosavadním rozvážkovým službám... Česká pošta, COOP 0.5
5. Britský podnikatel Bernie Eccl... vozy Formule 1 1
6. Téma o nejpoužívanějších aplik... Bolt 1
7. Počet aktivních uživatelů je c... Snapchat 1
8. Jedna aplikace, ve které jsou... Duolingo 1
9. Ve které z těchto zemí jako v... C 1
10. Tento Evropan má kratičké příj... Spotify 1